The World of emotions : (Record no. 436)

MARC details
000 -LEADER
fixed length control field 01075nam a2200337 i 4500
005 - DATE AND TIME OF LATEST TRANSACTION
control field 20260322212019.0
008 - FIXED-LENGTH DATA ELEMENTS--GENERAL INFORMATION
fixed length control field data
010 ## - LIBRARY OF CONGRESS CONTROL NUMBER
LC control number 77012735
020 ## - INTERNATIONAL STANDARD BOOK NUMBER
International Standard Book Number 0823668673 :
Terms of availability {dollar}22.50
020 ## - INTERNATIONAL STANDARD BOOK NUMBER
International Standard Book Number 9780823668670 :
Terms of availability {dollar}22.50
040 ## - CATALOGING SOURCE
Original cataloging agency DLC
Transcribing agency DLC
Modifying agency CtY-M
050 0# - LIBRARY OF CONGRESS CALL NUMBER
Classification number BF531
Item number .W67
060 ## - NATIONAL LIBRARY OF MEDICINE CALL NUMBER
Classification number BF531 C357
090 ## - LOCALLY ASSIGNED LC-TYPE CALL NUMBER (OCLC); LOCAL CALL NUMBER (RLIN)
Classification number (OCLC) (R) ; Classification number, CALL (RLIN) (NR) BF 531 So13w 1978
001 - CONTROL NUMBER
control field data
245 14 - TITLE STATEMENT
Title The World of emotions :
Remainder of title clinical studies of affects and their expression /
Statement of responsibility, etc. Charles W. Socarides.
260 0# - PUBLICATION, DISTRIBUTION, ETC.
Place of publication, distribution, etc. New York :
Name of publisher, distributor, etc. International Universities Press,
Date of publication, distribution, etc. c1977.
300 ## - PHYSICAL DESCRIPTION
Extent xii, 625 p. ;
Dimensions 24 cm.
500 ## - GENERAL NOTE
General note Includes indexes.
504 ## - BIBLIOGRAPHY, ETC. NOTE
Bibliography, etc. note Bibliography: p. 595-612.
590 ## - LOCAL NOTE (RLIN)
Local note Articles reprinted from various sources.
590 ## - LOCAL NOTE (RLIN)
Local note Bibliography: p. 595-612.
590 ## - LOCAL NOTE (RLIN)
Local note Includes indexes.
650 #0 - SUBJECT ADDED ENTRY--TOPICAL TERM
Topical term or geographic name entry element Emotions.
650 #0 - SUBJECT ADDED ENTRY--TOPICAL TERM
Topical term or geographic name entry element Affect (Psychology)
650 #0 - SUBJECT ADDED ENTRY--TOPICAL TERM
Topical term or geographic name entry element Psychoanalysis.
650 #2 - SUBJECT ADDED ENTRY--TOPICAL TERM
Topical term or geographic name entry element Emotions
Form subdivision Collected Works.
650 #2 - SUBJECT ADDED ENTRY--TOPICAL TERM
Topical term or geographic name entry element Psychoanalysis
Form subdivision Collected Works.
650 #2 - SUBJECT ADDED ENTRY--TOPICAL TERM
Topical term or geographic name entry element Affective Disturbances
Form subdivision Collected Works.
700 1# - ADDED ENTRY--PERSONAL NAME
Personal name Socarides, Charles W.,
Dates associated with a name 1922-
Holdings
Withdrawn status Lost status Damaged status Not for loan Home library Current library Shelving location Date acquired Total checkouts Full call number Barcode Date last seen Price effective from Koha item type
        Centerville Centerville General stacks 22/03/2026   BF531 .W67 BC0010447 22/03/2026 22/03/2026 Books